Générique Douguie se déguise - Paroles - Statistiques

Statistiques générales
  • Ce quiz a été pris 3 fois
  • Le résultat moyen est 6 sur 8
Statistiques - réponses
Paroles % Correct
Attention, l'aventure va {commencer}
100%
Douguie, {Douguie}
100%
Près de lui, son fidèle {ami}
100%
Quel sera son {déguisement}
100%
Avec Dougie, nous {découvrons}
67%
Lui donne toujours son {avis}
67%
Pour jouer avec ses {autocollants}
67%
Un univers {enchanté}
33%
Aucun quiz correspondant
Distribution des résultats
% des personnes avec chaque résultat
Percentile par nombre de réponses
Votre historique - résultats
Vous n’avez pas pris ce quiz